Pensamiento detrás de 4 arquitectos /
Bewaard in:
| Hoofdauteur: | |
|---|---|
| Andere auteurs: | |
| Formaat: | Thesis Boek |
| Taal: | Spaans |
| Onderwerpen: | |
| Tags: |
Geen labels, Wees de eerste die dit record labelt!
|
MARC
| LEADER | 00000nam^a2200000^a^4500 | ||
|---|---|---|---|
| 001 | 000183543 | ||
| 005 | 20250521000000.0 | ||
| 009 | 20260310102044.728 | ||
| 037 | |a Acervo ITESO - Biblioteca | ||
| 041 | |a ESP | ||
| 090 | |a ARQ. 748 | ||
| 100 | |a Ide González, Mónica |e (autor) | ||
| 245 | 1 | 0 | |a Pensamiento detrás de 4 arquitectos / |c M. Ide González, S.L. Rábago Franco. |
| 264 | |a Guadalajara, México : |b edición de autor, |c 2005 | ||
| 300 | |a 1 disco compacto de computadora | ||
| 336 | |a datos para computadora |b cod |2 rdacontenido | ||
| 337 | |a computadora |b c |2 rdamedio | ||
| 338 | |a disco de computadora |b cd |2 rdasoporte | ||
| 502 | |a ITESO Tesis de Licenciatura en Arquitectura | ||
| 649 | |a XX | ||
| 650 | |a Arquitectos Vascos | ||
| 650 | |a Arquitectos Españoles | ||
| 650 | |a Arquitectos Portugueses | ||
| 650 | |a Arquitectos Holandeses | ||
| 650 | |a Arquitectos Suizos | ||
| 650 | |a Artistas Vascos | ||
| 650 | |a Artistas Españoles | ||
| 650 | |a Artistas Portugueses | ||
| 650 | |a Artistas Holandeses | ||
| 650 | |a Artistas Suizos | ||
| 650 | |a Arquitectura Universalista | ||
| 650 | |a Arquitectura Moderna | ||
| 650 | |a Arquitectura Vasca | ||
| 650 | |a Arquitectura Española | ||
| 650 | |a Arquitectura Portuguesa | ||
| 650 | |a Arquitectura Holandesa | ||
| 650 | |a Arquitectura Suiza | ||
| 650 | |a Arte Moderno | ||
| 650 | |a Arte Vasco | ||
| 650 | |a Arte Español | ||
| 650 | |a Arte Portugués | ||
| 650 | |a Arte Holandés | ||
| 650 | |a Arte Suizo | ||
| 650 | |a Arquitectura - |x Teoría | ||
| 650 | |a Arquitectura - |x Historia y Crítica | ||
| 650 | |a Moneo, Rafael | ||
| 650 | |a Siza, Alvaro | ||
| 650 | |a Koolhaas, Rem | ||
| 650 | |a Herzog, Jacques | ||
| 650 | |a Meuron, Pierre de | ||
| 700 | |a Rábago Franco, Sara Leticia |e (autor) | ||
| 910 | |a Fondo General | ||
| 920 | |a Electrónicos - Tesis del ITESO en Disco | ||
| 905 | |a 202 | ||
| 901 | |a 0500124184 |b IT2 |c STS |u 20250521 | ||
| 902 | |a https://opac.biblio.iteso.mx/vufind/Record/000183543 | ||